Bordering countries by clue #2 - Statistics

General Stats
  • This quiz has been taken 32 times
  • The average score is 18 of 20
Answer Stats
Clue Country % Correct
Historically called "White Russia" Belarus
96%
5th biggest country in the world Brazil
96%
Justin Bieber is from this country Canada
96%
In 2022 he solved a Hans Island conflict with the above by dividing this island into these two countries Denmark
96%
His capital city was divided by a wall during the Cold War Germany
96%
The most populated spanish-speaking country Mexico
96%
The first country that declared independence from the British Empire United States
96%
Named after a famous explorer Colombia
93%
Starts with the letter H Honduras
93%
Has an important canal Panama
93%
Matryoshka dolls are from this country Russia
93%
had 800% inflation in 2016 Venezuela
93%
His capital city starts and ends on the same letter Poland
89%
Host and winner of the first World Cup Uruguay
89%
Abolished its army in 1948 Costa Rica
85%
Is mostly atheistic Czech Republic
81%
Invented the first ever chocolate bar Guatemala
81%
Sharks live in his biggest lake Nicaragua
81%
The highest uninhabited building in the world is located in there North Korea
70%
The above country is his only neighbor South Korea
70%
No matching quizzes found
Score Distribution
Percent of People with Each Score
Percentile by Number Answered
Your Score History
You have not taken this quiz